| 000 | 00868nam a2200253 i 4500 | ||
|---|---|---|---|
| 001 | 178090 | ||
| 003 | ES-MaACL | ||
| 005 | 20230902121923.0 | ||
| 008 | 110517s2007 sp |||| |dspa d | ||
| 020 | _a978-84-8472-246-5 | ||
| 080 | _a821.134.2-23"19" | ||
| 100 | 1 |
_aAub, Max, _d1903-1972 _923783 |
|
| 245 | 1 | 0 |
_aMorir por cerrar los ojos / _cMax Aub ; edición, introducción y notas de Carmen Venegas Grau. |
| 260 |
_aSevilla : _bRenacimiento, _c2007. |
||
| 300 |
_a230 p. : _b1 retr. ; _c22 cm. |
||
| 490 | 1 |
_aBiblioteca del exilio ; _v29 |
|
| 504 | _aBibliografía: p.73-77. | ||
| 700 | 1 |
_aVenegas Grau, Carmen. _9146572 |
|
| 830 | 0 |
_aBiblioteca del exilio ; _v29 _9180374 |
|
| 852 |
_aES-MaACL _9184949 _bR.145522 _jA-11188 _dOlim: N-4193 _cDEPO1 _xDonación: Jose Esteban |
||
| 903 |
_9234040 _aEsteban, José _ednr |
||
| 942 | _2udc | ||
| 999 |
_c178090 _d178090 |
||